000 01306nab a22002297a 4500
999 _c5525
_d5525
003 OSt
005 20251215111620.0
008 190604e xxu||||| |||| 00| 0 spa d
040 _cPJ
100 _96505
_aGarcía Balcarce, Luis
245 1 0 _aReforma de la Policía Federal Argentina :
_bmodernización institucional y nuevas facultades digitales /
_cLuis García Balcarce.
260 _aCiudad Autónoma de Buenos Aires :
_bThomson Reuters La Ley,
_c2025.
300 _ap. 60-63
500 _aCita Online: TR LALEY AR/DOC/1925/2025.
505 _aSumario: I. El contexto de la reforma.— II. Redefinición de la misión institucional.— III. Facultades ampliadas y competencias especializadas.— IV. Facultades digitales: oportunidades y desafíos para derechos fundamentales.— V. Consideraciones sobre implementación y equilibrios normativos.— VI. Reflexiones sobre la transformación institucional.
505 _t¿Te interesa el texto completo? Solicitalo al correo: koha@justierradelfuego.gov.ar
650 0 _94027
_aPOLICÍA
650 0 _9273
_aDERECHO INFORMATICO
650 0 _aCOOPERACION INTERNACIONAL
773 0 _02714
_93171
_dCiudad Autónoma de Buenos Aires : Thomson Reuters La Ley, 2014-
_tRevista anales de legislación argentina. Nº 11- Noviembre 2025.
942 _2udc
_cANA